000
00345nam a2200157Ia 4500
008
200103s9999||||xx |||||||||||||| ||und||
020
_a
9789280141987
040
_a
IMU-MPC
082
_a
Column-5
100
_a
IMO
245
0
_a
International Code of Signals
250
_a
5th ed.
260
_b
IMO
_c
2006
300
_a
vii, 198
942
_c
BK
999
_c
3353
_d
3353